Weltkirchen lexikon: handbuch der Okumene
Guardat en:
| Autors principals: | , |
|---|---|
| Format: | Llibre |
| Idioma: | alemany |
| Publicat: |
Stuttgart
Kreuz
1960
|
| Edició: | 1a. ed |
| Matèries: | |
| Etiquetes: |
Afegir etiqueta
Sense etiquetes, Sigues el primer a etiquetar aquest registre!
|
MARC
| LEADER | 00000cam a2200000 a 4500 | ||
|---|---|---|---|
| 001 | UCD9163 | ||
| 003 | CL-VaPUC | ||
| 008 | 170609e19600000gw |||||||||||||||||ger|d | ||
| 082 | 0 | 4 | |a 200.3 |b LIT |2 21 |
| 100 | |a Littell, Franklin H. |e autor |9 592848 | ||
| 700 | 0 | |a Walz, Hans Hermann |e author |9 592849 | |
| 245 | 1 | 0 | |a Weltkirchen lexikon: handbuch der Okumene |
| 250 | |a 1a. ed | ||
| 300 | |a 1755 p | ||
| 942 | |c BK | ||
| 945 | |d 20170609 16:51:00 |a dcastane | ||
| 260 | |a Stuttgart |b Kreuz |c 1960 | ||
| 650 | 0 | |a Teología |9 258766 | |
| 650 | 0 | |a Diccionarios |9 256200 | |
| 583 | |a last modification |c 20170609 16:51:00 |k Rodrigo Vera | ||
| 999 | |c 368428 |d 368426 | ||
| 952 | |0 0 |1 0 |3 erd |4 0 |6 200_300000000000000_LIT_1960 |7 0 |8 X |9 483737 |a BIBTEO |b BIBTEO |i 5395003 |o 200.3 LIT 1960 |p 5395003 |r 2019-11-24 |w 2019-11-24 |y BK_X |z Catalogado en:20170609 |k ICR | ||